Nansei shotō no kazoku seido no kenkyū : Tanegashima Maki to Amami Ōshima Yorontō Hara no shakaigakuteki tankyū /

Saved in:
நூற்பட்டியல் விவரங்கள்
தலைமை எழுத்தாளர்: Ōyama, Hikoichi, 1900-
வடிவம்: புத்தகம்
மொழி:Japanese
வெளியீடப்பட்டது: Kyōto : Seki Shoin, Shōwa 35 [1960]
தொகுதி:Shakaigaku sensho ; 6
பகுதிகள்:
குறியீடுகள்: குறிச்சொல் இணை
குறியீடுகள் இல்லை, இந்த குறிச்சொல்லை முதலில் பதிவு செய்யுங்கள்!
LEADER 01107nam a2200265 a 4500
001 007724368-4
005 20024617121422.0
008 951107s1960 ja ab b 000 0 jpn
010 |a j 62001573 
035 0 |a ocm33435216 
040 |a DLC  |c TxU  |d *YNH*  |d CStRLIN 
100 1 |6 880-01  |a Ōyama, Hikoichi,  |d 1900- 
245 1 0 |6 880-02  |a Nansei shotō no kazoku seido no kenkyū :  |b Tanegashima Maki to Amami Ōshima Yorontō Hara no shakaigakuteki tankyū /  |c Ōyama Hikoichi cho. 
260 |6 880-03  |a Kyōto :  |b Seki Shoin,  |c Shōwa 35 [1960] 
300 |a 508 p. :  |b ill., maps. (part fold. col.) ;  |c 22 cm. 
490 0 |6 880-04  |a Shakaigaku sensho ;  |v 6 
504 |a Bibliography : p. 545-563. 
650 0 |a Families  |z Japan  |z Kagoshima-ken. 
650 0 |a Villages  |z Japan  |z Kagoshima-ken. 
880 1 |6 100-01  |a 大山彥一,  |d 1900- 
880 1 0 |6 245-02  |a 南西諸島の家族制度の硏究 :  |b 種子島マキと奄美大島与論島ハラの社会学的探究 /  |c 大山彥一著. 
880 |6 260-03  |a 京都 :  |b 関書院,  |c 昭和35 [1960] 
880 0 |6 490-04  |a 社会学選書 ;  |v 6 
988 |a 20021219 
906 |0 DLC